00370nam a2200097Ia 4500008004100000041000800041100001800049245010100067260009600168300000800264230822s9999 xx 000 0 und d aeng aKASU AHMED A. aINTERIOR DESIGN - AN INTRODUCTION TO ART,CRAFT,SCIENCE TECHNIQUE & PROFESSION OF INTERIOR DESIGN bASHISH BOOK CENTER ,142,MAHENDRA CHAMBER, DR. D.N. ROAD NEXT TO McDONALDS CST MUMBAI-400001 a499